Η εξέλιξη του μεσαιωνικού κόσμου : κοινωνία, διακυβέρνηση και σκέψη στην Ευρώπη, 312-1500

Αποθηκεύτηκε σε:
Λεπτομέρειες βιβλιογραφικής εγγραφής
Κύριος συγγραφέας: Nicholas, David, 1939-
Μορφή: Βιβλίο
Γλώσσα:Greek
English
Δημοσίευση: Αθήνα : Μορφωτικό Ίδρυμα Εθνικής Τραπέζης, c1999.
Θέματα:
Ετικέτες: Προσθήκη ετικέτας
Δεν υπάρχουν, Καταχωρήστε ετικέτα πρώτοι!

MARC

LEADER 00000cam a2200000 i 4500
001 1/91085
008 991013s1999 gr | ||| |||| ||gre||
020 |a 9789602501665 
020 |a 9602501669 
035 |l 10053416 
040 |a GR-MyUa  |b gre  |e AACR2 
041 1 |a gre  |h eng 
082 7 |a 940.1   |2 (22) 
100 1 |a Nicholas, David,   |d 1939- 
245 1 2 |a Η εξέλιξη του μεσαιωνικού κόσμου :   |b κοινωνία, διακυβέρνηση και σκέψη στην Ευρώπη, 312-1500 /   |c David Nicholas ; μετάφραση Μαριάννα Τζιαντζή. 
260 |a Αθήνα :   |b Μορφωτικό Ίδρυμα Εθνικής Τραπέζης,   |c c1999. 
300 |a 763 σ. :   |b εικ. ;   |c 26 εκ. 
500 |a Το παράρτημα Σύρου έχει την 5η ανατύπωση του 2009. 
500 |a Τίτλος πρωτοτύπου: The evolution of the medieval world : society, government and thought in Europe, 312-1500. 
504 |a Περιλαμβάνει βιβλιογραφίες και ευρετήριο. 
650 0 |a Middle Ages. 
650 0 |a Civilization, Medieval. 
852 |a INST  |b LESVOS  |e 19991013  |h 940.1 NIC  |p 005100019052  |q 005100019052  |t BK  |y 0 
852 |a INST  |b LESVOS  |e 20031021  |h 940.1 NIC  |p 005100029727  |q 005100029727  |t BK  |y 0 
852 |a INST  |b SYROS  |c EUDOXUS  |e 20130423  |h 940.1 NIC  |p 005500010675  |q 005500010675  |t EDX  |y 0 
901 |a BIBL5-2013-1 
901 |a BIBL1-1999-3 
901 |a BIBL1-2003-3 
920 |a Εύδοξος  |b Παραγγελία  |y Σύρος-ΤΜΣΠΣ  |z 2013-04 
970 |a Μουστάκα  |b Πηνελόπη  |z 13/10/1999